La teoría general de los sistemas y el origen olvidado de una psicología sistemática

Guardat en:
Dades bibliogràfiques
Autor principal: Bollini, María Teresa (Autor)
Format: Llibre
Idioma:espanyol
Publicat: Buenos Aires Lumen 1994
Col·lecció:Colección de Psicología Integrativa, Perspectivista, Interdiciplinaria
Matèries:
Etiquetes: Afegir etiqueta
Sense etiquetes, Sigues el primer a etiquetar aquest registre!

MARC

LEADER 00000nam a2200000 a 4500
001 UCZ6223
003 CL-VaPUC
008 951205e19940000AG |||||||||||||||||spa|d
082 0 4 |a 158.1  |b BOL  |2 21 
100 0 |a Bollini, María Teresa  |e author  |9 350460 
245 1 3 |a La teoría general de los sistemas y el origen olvidado de una psicología sistemática 
300 |a 181 p 
942 |c BK 
945 |d 19951205 00:00:00  |a rleighto 
260 |a Buenos Aires  |b Lumen  |c 1994 
650 0 |a Psicología   |9 257863 
650 0 |a Personalidad   |9 307255 
650 0 |a Psicoanálisis   |9 265702 
650 7 |a PSICOLOGIA GENETICA  |2 CL-VaPUC  |9 308771 
650 0 |a Teoría de sistemas  |9 260742 
650 7 |a PSICOTERAPIA  |2 CL-VaPUC  |9 350461 
583 |a last modification  |c 20121220 09:46:50  |k Rodrigo Vera 
490 0 |a Colección de Psicología Integrativa, Perspectivista, Interdiciplinaria 
999 |c 242462  |d 242460 
952 |0 0  |1 0  |4 0  |6 158_100000000000000_BOL_1994  |7 0  |8 A  |9 255453  |a BIBGIM  |b BIBGIM  |d 2019-11-19  |i 3151123  |o 158.1 BOL 1994  |p 3151123  |r 2019-11-19  |w 2019-11-19  |y BK  |k SSL 
952 |0 0  |1 0  |4 0  |6 158_100000000000000_BOL_1994  |7 0  |8 A  |9 255454  |a BIBGIM  |b BIBGIM  |d 2019-11-19  |i 3327310  |o 158.1 BOL 1994  |p 3327310  |r 2025-01-15  |w 2019-11-19  |y BK  |k SSL